000 00740nam a2200229 a 4500
001 000046582
005 20240530073923.0
008 091113s1999 dr 000 f spa d
040 _aDO-SdBNP
_bspa
_cBNPHU
082 _aRD863.44
_bL817Lu, 1999
100 1 _aLockward, Angel,
_911034
245 1 0 _aLucrecia :
_bdelitos de Estado /
_cÁngel Lockward.
246 1 4 _aLucrecia :
_b... delitos de Estado /
250 _a2ª ed.
260 _aSanto Domingo :
_bCentenario,
_c1999.
300 _a334 p. ;
_c23 cm.
590 _aInventariado, 2020/YL
500 _aIncluye datos del autor en la solapa de la cubierta.
650 0 _aNovela dominicana
_9223
650 0 _aLiteratura dominicana.
_967
910 _aValidado. Control de calidad MFF
999 _c46071
_d46071